Рассказы о Китае

Библиографические подробности
Главный автор: Ча Юаньней
Примечания:Книга на китайском языке.
Язык:китайский
Опубликовано: Пекин, Коммерческое печатное изд-во, 2004
Предметы:
Формат: Книга
Запись в KOHA:https://koha.lib.tpu.ru/cgi-bin/koha/opac-detail.pl?biblionumber=118201

MARC

LEADER 00000nam0a2200000 4500
001 118201
005 20231101215445.0
010 |a 7100040647 
035 |a (RuTPU)RU\TPU\book\127919 
090 |a 118201 
100 |a 20070608d2004 m y0rusy50 ca 
101 0 |a chi 
102 |a CN 
105 |a y z 000zy 
200 1 |a Рассказы о Китае  |f Ча Юаньней 
210 |a Пекин  |c Коммерческое печатное изд-во  |d 2004 
215 |a 224 с. 
300 |a Книга на китайском языке. 
606 1 |a Китай  |x История  |2 stltpush  |3 (RuTPU)RU\TPU\subj\68362  |9 83751 
606 1 |a Китай  |x География  |2 stltpush  |3 (RuTPU)RU\TPU\subj\70393  |9 84671 
610 1 |a Китайская Народная Республика 
610 1 |a география 
610 1 |a история 
610 1 |a культура 
610 1 |a этнография 
675 |a 91(51)  |v 3 
686 |a Т3(5Кит)  |v LBC/SL-A  |2 rubbk 
700 0 |a Ча Юаньней 
801 1 |a RU  |b 63413507  |c 20070608  |g PSBO 
801 2 |a RU  |b 63413507  |c 20220601  |g PSBO 
942 |c BK